000 00744nam a2200217Ia 4500
003 GCL
008 140319s9999 xx 000 0 ara d
040 _aGCL /
_cGCL
082 0 4 _a001.6424
_bب د
100 1 _aبهاروشا، سيرمان
245 1 0 _aالدليل الشامل للمستفيدين المبتدئين لنظام DBASEIV /
_cبهاروشا، سيرمان
700 1 _aسرور على ابراهيم سرور
260 _a[S.N] :
_bالمكتبة الاكاديمية ،
_c1993
300 _a495 ص
490 _a
650 0 4 _aالحاسبات الالكترونية
650 0 4 _aدى بيز
650 0 4 _aدى بيز فور
650 0 4 _aبرامج الحاسبات الالكترونية
942 _2ddc
_cBK
999 _c54433
_d54433